[Event "POL-chT 1 Liga 2019"]
[Site "Dzwirzyno"]
[Date "2019.09.09"]
[Round "3.20"]
[White "Godzwon, Iwo"]
[Black "Nowak, Lukasz"]
[Result "0-1"]
[WhiteElo "2265"]
[BlackElo "2270"]
[Annotator "TA"]
[PlyCount "106"]
[EventDate "2019.09.07"]
[EventType "team-tourn"]
[EventCountry "POL"]
[SourceTitle "playchess.com"]
[Source "ChessBase"]
[SourceQuality "1"]

{[%evp 16,106,16,-1,14,20,0,0,0,0,-9,-5,-8,-20,-6,-9,0,-8,-17,-200,-192,-192,-193,-187,-200,-200,-208,-189,-185,-227,-219,-689,-684,-686,-629,-700,-702,-697,-660,-668,-425,-422,-376,-393,-381,-363,-280,-493,-489,-464,-435,-438,-438,-1513,-1497,-1696,-1701,-1687,-1694,-1647,-1555,-1322,-1434,-2692,-2449,-6094,-6094,-29960,-29963,-29964,-29965,-29963,-29964,-29969,-29970,-29970,-29971,-29971,-29972,-29972,-29973,-29973,-29974,-29974,-29975,-29975,-29976,-29976,-29977,-29976,-29977,-29978,-29979]} 1. e4 c5 2. Nf3 d6 3. d4 cxd4 4. Nxd4 Nf6 5. Nc3 {[%cal Bb1c3,Bc3a4,Ba4b2,Bb2d3,Bd3e5][%mdl 32]} a6 6. Be3 e6 7. f3 b5 8. Qd2 Nbd7 9. g4 b4 {B80: Sicilian Scheveningen: 6 g3 and 6 Be3, including English Attack} 10. Na4 (10. Nd1 h6 11. c4 bxc3 12. Nxc3 Bb7 13. h4 d5 14. Rg1 dxe4 15. g5 hxg5 16. hxg5 Nd5 17. g6 Nxe3 18. gxf7+ Kxf7 19. Qxe3 {0-1 (30) Aronian,L (2767)-Grischuk,A (2766) Saint Louis 2018}) 10... h6 11. O-O-O Ne5 {The position is equal.} 12. b3 Bd7 13. Nb2 ({Reject} 13. Qxb4 d5 $15) 13... d5 14. Nd3 Nxf3 15. Nxf3 dxe4 $146 ({Predecessor:} 15... Nxe4 16. Qe1 Qa5 17. Kb2 Qa3+ 18. Ka1 {0-1 (89) Batjancan,P (2136)-Battulga,N (2319) Ulaanbaatar 2009}) 16. Nde5 {Hoping for g5.} exf3 17. g5 $2 (17. Bc4 $1 $11 {and White stays safe.}) 17... hxg5 $1 $19 18. Bxg5 Ne4 $1 {[%csl LRd2,LRg5][%mdl 64] Double Attack, Discovered Attack} 19. Bxd8 {[%csl Gd1,Ge5][%cal Rd2d7]} Nxd2 20. Rxd2 Rxd8 21. Bxa6 Rh5 $1 {[%cal Rh5e5]} 22. Re1 g6 {Threatens to win with ...Bh6.} 23. Nxd7 $2 (23. Rxd7 Rxd7 24. Nxd7 Kxd7 25. Rf1) 23... Bh6 (23... Rxd7 $2 24. Rxd7 Kxd7 25. Rf1 $19) 24. Nf6+ Ke7 25. Ne4 Rxd2 26. Nxd2 Rxh2 27. Rd1 Kd6 28. Bb7 Kc5 29. Bxf3 Kd4 30. Bc6 Kc3 31. Be8 $2 (31. Rg1 Rxd2 32. Kb1) 31... Bxd2+ {[%mdl 4096] Endgame KRB-KRB} ({Weaker is} 31... Rxd2 32. Rxd2 Bxd2+ 33. Kd1 $15) 32. Kb1 Rf2 33. Rg1 e5 34. Bxf7 (34. a4 $142 bxa3 35. Rg3+ Kb4 36. Rg4+ Kc5 37. Ka2) 34... Rxf7 {KRB-KR} 35. Rg3+ Kd4 36. Rd3+ Ke4 {( -> ...Rf1+)} 37. Rxd2 {KR-KR} Kf3 38. Rd3+ Ke2 39. Rg3 e4 40. c3 e3 41. Rxg6 Kf2 {Black mates.} 42. Re6 e2 43. cxb4 Rf3 $1 {[%cal Rf3e3]} 44. Rxe2+ Kxe2 {KR-K3P} 45. Kc2 Rd3 46. b5 {[#]} Ke3 $1 {[%cal Re3e4]} 47. b6 Ke4 48. a4 {[#]} Rd8 $1 49. Kc3 Kd5 50. Kb4 Kc6 51. a5 Rd4+ 52. Kc3 Rh4 53. b4 Kb5 {Accuracy: White = 46%, Black = 93%.} 0-1

[Event "POL-chT 1 Liga 2019"]
[Site "Dzwirzyno"]
[Date "2019.09.09"]
[Round "3.21"]
[White "Winiarski, Mikolaj"]
[Black "Tofil, Borys"]
[Result "1/2-1/2"]
[WhiteElo "2213"]
[BlackElo "2202"]
[Annotator "TA"]
[PlyCount "43"]
[EventDate "2019.09.07"]
[EventType "team-tourn"]
[EventCountry "POL"]
[SourceTitle "playchess.com"]
[Source "ChessBase"]
[SourceQuality "1"]

{[%evp 9,43,50,68,53,79,74,89,56,66,76,127,134,132,101,111,106,110,51,65,47,67,8,18,0,21,-43,-22,-26,-24,-88,-35,-19,8,0,13,-55]} 1. e4 g6 2. d4 Bg7 3. c4 d6 4. Nc3 c6 5. Be3 Qa5 (5... e5 6. Nge2 Nf6 7. f3 Nbd7 8. Qd2 O-O 9. d5 cxd5 10. cxd5 a6 11. g4 h5 12. g5 Nh7 13. Nc1 f6 14. gxf6 Bxf6 15. Rg1 Bh4+ 16. Kd1 g5 17. Nd3 Kh8 18. Be2 Rf7 19. Rc1 Ndf8 20. Na4 {1-0 (43) Amin,B (2709)-Jovanovic,Z (2537) Zagreb 2018}) 6. Qd2 {A42: Modern Defence: Averbakh Variation} a6 $146 ({Predecessor:} 6... Nf6 7. f3 O-O 8. Bd3 e5 9. d5 cxd5 10. cxd5 a6 11. Nge2 Nbd7 12. O-O Nh5 13. a3 {0-1 (38) Krizsany,L (2424)-Biro,D (2222) Hungary 2018}) 7. Bd3 b5 8. Nge2 {White is better.} Bb7 9. O-O Nd7 (9... Nf6 $142) 10. b4 $16 Qc7 11. a4 {[%cal Ra4b5]} bxc4 12. Bxc4 Ngf6 13. Bh6 (13. Ba2 $16) 13... O-O $14 14. Bxg7 Kxg7 15. Bd3 (15. Ng3 $14) 15... e5 $11 16. dxe5 Nxe5 (16... dxe5 {feels hotter.} 17. Ng3 a5 18. b5 h6 19. Be2 Rfd8) 17. f4 (17. Rac1 $11) 17... Nxd3 $15 18. Qxd3 Rfe8 19. Kh1 (19. Rac1 $11) 19... Rad8 ({Better is} 19... c5 $17 20. bxc5 Qxc5) 20. Ng3 Qb6 21. a5 Qc7 22. Na4 {Accuracy: White = 22%, Black = 61%.} ({White should try} 22. Qf3 $11) 1/2-1/2

[Event "POL-chT 1 Liga 2019"]
[Site "Dzwirzyno"]
[Date "2019.09.09"]
[Round "3.22"]
[White "Kowalski, Maciej"]
[Black "Kokoszczynski, Jan"]
[Result "1/2-1/2"]
[WhiteElo "2095"]
[BlackElo "2289"]
[Annotator "TA"]
[PlyCount "68"]
[EventDate "2019.09.07"]
[EventType "team-tourn"]
[EventCountry "POL"]
[SourceTitle "playchess.com"]
[Source "ChessBase"]
[SourceQuality "1"]

{[%evp 18,68,31,25,44,32,28,10,39,8,54,3,18,0,0,-25,-7,-25,-24,-25,-25,-28,0,0,4,17,33,0,0,-13,-14,-15,-30,-36,-40,-39,0,0,-12,0,0,-25,0,-20,0,0,0,0,0,0,0,-3,20]} 1. Nf3 Nf6 2. b3 g6 3. Bb2 Bg7 4. d4 O-O 5. e3 d6 6. Be2 Nbd7 7. O-O e5 8. c4 e4 9. Nfd2 Re8 10. Nc3 Nf8 {E61: King's Indian: Early deviations for White, including Smyslov System} 11. Qc2 {[%cal Rc3e4]} (11. Nd5 Nxd5 12. cxd5 Qg5 13. Re1 Qxd5 14. Qc2 c6 15. b4 a6 16. Nc4 Nd7 17. f3 exf3 18. Bxf3 {1-0 (54) Bindrich,F (2606)-Teterev,V (2486) St Petersburg 2018}) 11... Bf5 12. b4 h5 13. a4 N8h7 14. a5 ({White should try} 14. Rfb1 $14) 14... Ng5 $146 ({Predecessor:} 14... a6 15. Rfc1 h4 16. h3 Ng5 17. Nd5 Rc8 18. Qd1 Qd7 19. Nxf6+ Bxf6 {0-1 (33) Cakl,Z (2224)-Burne,N (2380) ICCF email 2007}) 15. Qb3 h4 16. a6 b6 (16... h3 $5 {[%cal Rh3g2]}) 17. d5 h3 18. g3 $1 Bg4 19. Qd1 Qd7 20. Nb5 Bxe2 21. Qxe2 Re7 22. Ra2 Qg4 23. Qxg4 (23. f3 {is interesting.} exf3 24. Nxf3 Nge4 25. Bc1 Nxg3 26. hxg3 Nh5 27. Nfd4) 23... Nxg4 24. Bxg7 Kxg7 25. Rc1 Ne5 26. Nd4 Ngf3+ (26... f5 {keeps more tension.} 27. Ra3 Kf6 28. Rac3 Rae8 29. Rd1 Nef3+) 27. N2xf3 Nxf3+ 28. Nxf3 exf3 {[%mdl 4096] Endgame KRR-KRR} 29. Kf1 Re4 30. Ke1 {The position is equal.} f5 31. Kd2 Kf6 32. Kc3 g5 33. Kb3 Rae8 34. Rc3 Ke5 {Accuracy: White = 39%, Black = 45%.} 1/2-1/2

[Event "POL-chT 1 Liga 2019"]
[Site "Dzwirzyno"]
[Date "2019.09.09"]
[Round "3.23"]
[White "Rozycki, Bartlomiej"]
[Black "Gosciniak, Tomasz"]
[Result "1-0"]
[WhiteElo "2200"]
[BlackElo "1931"]
[Annotator "TA"]
[PlyCount "27"]
[EventDate "2019.09.07"]
[EventType "team-tourn"]
[EventCountry "POL"]
[SourceTitle "playchess.com"]
[Source "ChessBase"]
[SourceQuality "1"]

{[%evp 9,27,39,87,82,90,72,102,59,60,44,113,91,97,106,393,391,608,604,781,768]} 1. e4 e6 2. d4 d5 3. Nd2 dxe4 4. Nxe4 Nf6 5. Bd3 Nc6 6. Nf3 {C10: French with 3 Nc3: Unusual Black 3rd moves and 3...dxe4} h6 (6... Nb4 7. Bb5+ Bd7 8. Nxf6+ gxf6 9. Bxd7+ Qxd7 10. a3 Nc6 11. O-O O-O-O 12. Be3 Rg8 13. g3 Qd5 {1-0 (52) Grischuk,A (2750)-Rapport,R (2698) chess.com INT 2017}) 7. c3 Bd7 8. Bf4 {White is better.} Nxe4 $146 ({Predecessor:} 8... Nd5 9. Bd2 f5 10. Ng3 Qf6 11. Qe2 O-O-O 12. O-O-O Bd6 13. Rhe1 Nf4 14. Bxf4 Bxf4+ {½-½ (27) Prohaszka,P (2138)-Bagyanszky,A (2110) Hungary 2003}) 9. Bxe4 g5 (9... Bd6 $14 10. Qd2 Ne7) 10. Be5 Nxe5 11. Nxe5 {aiming for Qh5!} c6 $2 {[%mdl 8192] [#]} (11... Bg7 $16) 12. Qh5 $1 $18 {[%csl Ge5][%cal Rh5f7][%mdl 512]} Qe7 {[#]} (12... Qf6 $142 13. Nxf7 Ke7) 13. Nxf7 $1 {[%mdl 512]} Rg8 (13... Qxf7 14. Bg6) 14. Nxh6+ {[%mdl 64] Discovered Attack} 1-0

[Event "POL-chT 1 Liga 2019"]
[Site "Dzwirzyno"]
[Date "2019.09.09"]
[Round "3.24"]
[White "Gosciniak, Maria"]
[Black "Moscicka, Pola"]
[Result "0-1"]
[WhiteElo "2132"]
[BlackElo "1994"]
[Annotator "TA"]
[PlyCount "74"]
[EventDate "2019.09.07"]
[EventType "team-tourn"]
[EventCountry "POL"]
[SourceTitle "playchess.com"]
[Source "ChessBase"]
[SourceQuality "1"]

{[%evp 17,74,1,8,7,7,7,16,0,0,0,0,0,26,22,23,22,34,0,52,31,35,34,86,91,64,70,70,70,144,164,200,156,202,219,160,235,150,189,170,195,308,209,545,522,1053,937,1070,1059,1031,989,982,-29994,-29995,-29995,-29996,-29996,425,-29997,-335]} 1. e4 c5 2. Nf3 Nc6 3. d4 cxd4 4. Nxd4 Nf6 5. Nc3 e5 6. Ndb5 d6 7. Nd5 Nxd5 8. exd5 Nb8 9. c4 Nd7 10. Bd3 {B33: Sicilian: Pelikan and Sveshnikov Variations} (10. Be2 Be7 11. O-O O-O 12. Kh1 f5 13. f3 a6 14. Nc3 Bg5 15. b4 b6 16. a3 Ra7 17. Bxg5 Qxg5 18. Qc1 Qd8 19. Qe3 f4 {0-1 (33) Ivanchuk,V (2738)-Piorun,K (2638) Matanzas 2017}) 10... Be7 11. O-O O-O 12. Kh1 {The position is equal.} a6 13. Nc3 f5 14. f3 Kh8 15. Be3 Bg5 16. Bf2 $36 {[%mdl 2048] White has the initiative.} Qe8 $146 ({Predecessor:} 16... Qf6 17. Qc2 Nc5 18. Be2 Qh6 19. b4 Nd7 20. Na4 Be3 21. Bd3 Bxf2 22. Qxf2 {1-0 (33) De Seroux,C (1867)-Horvath,M (2011) Olbia 2008}) 17. b4 Qh5 (17... Nf6 $11) 18. Ne2 f4 19. c5 Rf6 ({Black should try} 19... Be7 $14) 20. Bg1 $16 Rh6 21. Bf5 Be7 22. Bg4 Qg5 (22... Qe8 $14) 23. c6 bxc6 24. dxc6 Nf6 {[%cal Bd7f6,Bf6d5,Bd5e3,Be3g4,Bg4h2,Bh2f1][%mdl 32]} 25. Bxc8 Rxc8 {[#]} 26. Qa4 $1 {[%cal Ra4a6]} Rg6 {[%csl Gg6][%cal Rg5g2] [#]} 27. Rf2 $1 Nd5 28. Qxa6 Rf8 (28... Qf5 $142) 29. Qb7 {Strongly threatening c7.} e4 $2 (29... Bd8 {is a better chance.}) 30. fxe4 $18 Ne3 31. c7 Ng4 {[#]} 32. Rxf4 $1 {[%mdl 512]} Nxh2 (32... Rxf4 33. Nxf4) 33. g3 Qh5 34. c8=Q $4 {[%mdl 8192]} ({Wrong is} 34. Rxf8+ $2 Bxf8 35. Bxh2 Rh6 $19) ({Don't go for} 34. Rf5 $2 Rxf5 35. c8=Q+ (35. Bxh2 {gets mated.} Qf3+ 36. Kg1 Qf2+ 37. Kh1 Rh6 38. c8=Q+ {[%mdl 64] Discovered Attack} Rf8 39. Qxf8+ Bxf8 40. Qxg7+ Bxg7 41. g4 Rxh2#) 35... Rf8 $19) (34. Qd5 $18 Qxe2 35. Rxf8+ Bxf8 36. Qf5 (36. c8=Q $2 Qf3+ {[%mdl 64] Double Attack} 37. Kxh2 Qxg3+ 38. Kh1 Qg2#)) 34... Nf1+ $1 {[%mdl 64] Discovered Attack} 35. Kg2 Qxe2+ 36. Rf2 Rxg3+ 37. Kh1 {[#]} Rxg1+ $1 {[%mdl 576] Remove Defender. Accuracy: White = 69%, Black = 45%.} 0-1

[Event "POL-chT 1 Liga 2019"]
[Site "Dzwirzyno"]
[Date "2019.09.09"]
[Round "3.25"]
[White "Sopur, Lech"]
[Black "Golubka, Petro"]
[Result "1-0"]
[WhiteElo "2417"]
[BlackElo "2479"]
[Annotator "TA"]
[PlyCount "116"]
[EventDate "2019.09.07"]
[EventType "team-tourn"]
[EventCountry "POL"]
[SourceTitle "playchess.com"]
[Source "ChessBase"]
[SourceQuality "1"]

{[%evp 17,116,27,23,17,23,24,21,6,13,8,10,9,12,0,4,0,10,0,7,-6,13,30,26,18,20,11,23,29,31,9,20,23,14,11,23,17,34,32,22,0,29,17,27,0,31,26,29,31,84,86,81,87,84,77,61,46,71,66,105,91,120,118,118,120,115,113,122,51,62,41,41,42,50,44,62,57,54,15,29,29,24,25,26,39,103,95,358,358,355,349,308,99,431,416,416,348,416,416,409,409,368]} 1. Nf3 Nf6 2. g3 b6 3. Bg2 Bb7 4. O-O e6 5. c4 Be7 6. Nc3 O-O 7. d4 Ne4 8. Bd2 Nxd2 9. Qxd2 d6 10. Ne1 {E18: Queen's Indian: Old Main Line (4 g3 Bb7 5 Bg2 Be7 6 0-0 0-0 7 Nc3)} (10. b4 Nd7 11. Qd3 g6 12. b5 Bf6 13. Rfd1 a6 14. a4 c5 15. bxc6 Bxc6 16. Ne4 Bxe4 17. Qxe4 Qc7 {½-½ (45) Duda,J (2706)-Ponomariov,R (2687) Germany 2018}) 10... Bxg2 11. Nxg2 Bf6 $146 ({Predecessor:} 11... Nd7 12. Rad1 c6 13. b3 Qc7 14. Ne3 a6 15. d5 exd5 16. Nf5 Rfe8 17. cxd5 c5 18. e4 Bf6 19. Kg2 b5 20. f3 Rab8 21. Ne2 c4 22. Qb4 Rb6 23. Ned4 Ne5 24. Nc6 {½-½ (24) Sotiropoulos,A (1757)-Berbatis,A (1702) Achaia 2017}) 12. Rfd1 {The position is equal.} Nd7 13. Qc2 c6 14. Rac1 a6 15. Ne4 Be7 16. h4 d5 17. Nd2 Rc8 18. e4 b5 19. exd5 exd5 20. cxd5 cxd5 21. Qf5 Nf6 22. Nb3 g6 23. Qf3 Ne4 24. Rxc8 Qxc8 25. Rc1 Qa8 26. Nf4 Bd6 27. Kg2 Re8 28. h5 a5 29. hxg6 fxg6 30. Nd3 Rf8 31. Qg4 Qe8 32. Nbc5 b4 (32... Rf5 $14) 33. Qe6+ $16 Qf7 34. Qxf7+ Rxf7 35. Ne6 Re7 36. Nef4 Bxf4 37. Nxf4 $14 {[%mdl 4096] Endgame KRN-KRN} Rd7 38. Rc6 Kf7 39. Nd3 Ra7 40. f3 Nd2 41. Ne5+ Kg7 42. Rc5 (42. Kf2 $1 $16) 42... a4 $1 43. Rxd5 a3 $1 {[%cal Ra3b2]} 44. bxa3 Rxa3 45. Rb5 Rxa2 46. Rxb4 g5 47. g4 {Threatening Kg1.} Ne4+ 48. Kf1 Ng3+ 49. Ke1 {And now Rb7+ would win.} h5 50. Rb7+ Kf6 (50... Kf8 $14) 51. Rb6+ $16 Ke7 $2 {[%mdl 8192]} (51... Kg7 $16) 52. gxh5 $18 Nxh5 {[#]} 53. d5 $1 {[%cal Rd5d6] aiming for d6+.} Ra8 {intending ...Nf4.} 54. Rh6 $2 (54. Re6+ $18 {is the precise move to win.} Kf8 55. d6) 54... Ra1+ $2 {[%mdl 8192]} (54... Re8 $16 {is more resistant.}) 55. Kd2 {Threatening mate with d6+.} Ra2+ 56. Kc1 Nf6 {[#]} 57. d6+ $1 {[%mdl 512]} Kxd6 58. Ng4 Kd5 {Accuracy: White = 52%, Black = 40%.} 1-0

[Event "POL-chT 1 Liga 2019"]
[Site "Dzwirzyno"]
[Date "2019.09.09"]
[Round "3.26"]
[White "Kislinsky, Alexey"]
[Black "Flis, Pawel"]
[Result "1-0"]
[WhiteElo "2436"]
[BlackElo "1897"]
[Annotator "TA"]
[PlyCount "77"]
[EventDate "2019.09.07"]
[EventType "team-tourn"]
[EventCountry "POL"]
[SourceTitle "playchess.com"]
[Source "ChessBase"]
[SourceQuality "1"]

{[%evp 15,77,37,39,32,36,28,29,19,22,12,15,26,25,17,27,3,35,0,-2,6,1,-13,0,-34,-32,-29,-20,-23,-39,-83,-78,-107,-31,-22,-35,-70,0,0,42,0,0,8,42,41,51,66,45,41,98,99,99,87,870,842,5314,0,5293,2133,29994,29995,29995,29996,29996,29997]} 1. e4 c5 2. c3 g6 3. d4 cxd4 4. cxd4 d5 5. exd5 Nf6 6. Nc3 Bg7 7. Bc4 O-O 8. Nge2 b6 {[%cal Bb7b6,Bb6b5][%mdl 32]} 9. Nf4 {B14: Caro-Kann: Panov-Botvinnik Attack with 5...e6 and 5...g6} (9. O-O Bb7 10. Bg5 h6 11. Bxf6 Bxf6 12. Qd2 Kh7 13. f4 Nd7 14. f5 g5 15. Ng3 Rc8 16. Bb3 b5 {½-½ (113) Khaetsky,R (2385)-Yuffa,D (2502) Pardubice 2016}) 9... Bb7 10. Qe2 $146 ({Predecessor:} 10. h4 h5 11. Qd3 Qc8 12. Rh3 Ne8 13. Ne4 Na6 14. Bd2 Nac7 15. Rg3 Qd7 16. Nxg6 fxg6 {0-1 (33) Kowalczyk,R (2164)-Grzeskow,A (1833) Polanica Zdroj 2012}) 10... a6 11. O-O {White has an edge.} b5 12. Bb3 Nbd7 13. Re1 Re8 14. Nd3 Nb6 15. Bg5 Nbxd5 16. Nc5 Nxc3 17. bxc3 Bd5 18. Rad1 e6 19. Bh4 Qd6 20. Rd3 Qc6 21. Bxf6 Bxf6 22. Qg4 a5 23. Rde3 a4 (23... Bg7 $17) 24. Bxd5 $15 Qxd5 25. a3 Qa2 (25... Be7 $15) 26. h4 $11 h5 27. Qf3 Bxh4 28. g3 Bg5 (28... Be7 $5 {[%cal Re7c5]} 29. Nxe6 Bf8 $14) 29. Re5 Bh6 $1 {[%cal Rh6g7]} 30. d5 $1 {[%cal Rd5e6]} Bg7 31. dxe6 Bxe5 ({Black should try} 31... f5 $14) 32. Qxf7+ $16 {[%mdl 64] Double Attack} Kh8 {Threatens to win with ...Rf8.} 33. Qxg6 Bxc3 $2 {[%mdl 8192]} (33... Rf8 $16 34. Ne4 Bxc3 $1 {[%mdl 512]} 35. Qxh5+ Kg8) 34. Qxh5+ $18 Kg8 {[#]} 35. Qf7+ $1 $40 {[%mdl 128] White has some attack.} Kh8 {[#] Threatening ...Rf8.} 36. Re4 $1 {[%cal Re4h4]} Qa1+ 37. Kg2 {[%cal Re4h4] White mates.} Bf6 38. Qh5+ Kg8 39. Rg4+ {Accuracy: White = 62%, Black = 40%.} 1-0

[Event "POL-chT 1 Liga 2019"]
[Site "Dzwirzyno"]
[Date "2019.09.09"]
[Round "3.27"]
[White "Szmacinski, Slawomir"]
[Black "Grabarczyk, Miroslaw"]
[Result "0-1"]
[WhiteElo "1848"]
[BlackElo "2374"]
[Annotator "RC"]
[PlyCount "88"]
[EventDate "2019.09.07"]
[EventType "team-tourn"]
[EventCountry "POL"]
[SourceTitle "playchess.com"]
[Source "ChessBase"]
[SourceQuality "1"]
[TimeControl "40/5400+30:1800+30"]

1. g3 {[%emt 0:00:00]} d5 {[%emt 0:00:25]} 2. Nf3 {[%emt 0:00:00]} c5 {[%emt 0:02:14]} 3. Bg2 {[%emt 0:01:40]} Nc6 {[%emt 0:00:13]} 4. d4 {[%emt 0:01:38]} Nf6 {[%emt 0:00:14]} 5. c3 {[%emt 0:01:13]} e6 {[%emt 0:03:05]} 6. O-O {[%emt 0:01:23]} Be7 {[%emt 0:00:39]} 7. Bg5 {[%emt 0:03:03]} h6 {[%emt 0:05:11]} 8. Bf4 {[%emt 0:05:28]} O-O {[%emt 0:02:06]} 9. Ne5 {[%emt 0:05:33]} Qb6 {[%emt 0:13:56]} 10. Nxc6 {[%emt 0:01:44]} bxc6 {[%emt 0:00:15]} 11. b3 {[%emt 0:00:04]} a5 {[%emt 0:04:49]} 12. dxc5 {[%emt 0:02:42]} Bxc5 {[%emt 0:00:17]} 13. e3 {[%emt 0:08:06]} Re8 {[%emt 0:18:40]} 14. Be5 {[%emt 0:05:24]} Nd7 {[%emt 0:00:10]} 15. Bd4 {[%emt 0:00:03]} Ba6 {[%emt 0:00:15]} 16. Re1 {[%emt 0:00:10]} e5 {[%emt 0:00:08]} 17. Bxc5 {[%emt 0:00:16]} Nxc5 {[%emt 0:00:09]} 18. Bf1 {[%emt 0:02:20]} Re6 {[%emt 0:05:36]} 19. Bxa6 {[%emt 0:04:14]} Qxa6 {[%emt 0:00:44]} 20. Qc2 {[%emt 0:05:51]} Nd3 {[%emt 0:07:02]} 21. Rf1 {[%emt 0:00:55]} e4 {[%emt 0:03:19]} 22. Nd2 {[%emt 0:01:22]} Rf6 {[%emt 0:07:18]} 23. Kg2 {[%emt 0:03:24]} Re8 {[%emt 0:05:26]} 24. Rad1 {[%emt 0:06:54]} Qa7 {[%emt 0:07:46]} 25. Nb1 {[%emt 0:04:37]} Re5 {[%emt 0:01:11]} 26. Rd2 {[%emt 0:07:41]} Ref5 {[%emt 0:00:58]} 27. Re2 {[%emt 0:01:18]} Rxf2+ {[%emt 0:00:39]} 28. Rfxf2 {[%emt 0:04:48]} Rxf2+ {[%emt 0:00:09]} 29. Kg1 {[%emt 0:01:11]} Rf3 {[%emt 0:00:58]} 30. Qd2 {[%emt 0:00:41]} Ne5 {[%emt 0:03:46]} 31. Qd4 {[%emt 0:06:59]} Rxg3+ {[%emt 0:01:09]} 32. Kf2 {[%emt 0:00:50]} Rf3+ {[%emt 0:00:41]} 33. Ke1 {[%emt 0:00:51]} Nd3+ {[%emt 0:01:19]} 34. Kd2 {[%emt 0:01:14]} Qe7 {[%emt 0:01:20]} 35. c4 {[%emt 0:00:41]} dxc4 {[%emt 0:01:27]} 36. Qxc4 {[%emt 0:01:07]} Qd6 {[%emt 0:01:18]} 37. Qd4 {[%emt 0:03:11]} Qxd4 {[%emt 0:00:39]} 38. exd4 {[%emt 0:00:04]} f5 {[%emt 0:00:13]} 39. Nc3 {[%emt 0:01:22]} Nb4 {[%emt 0:00:43]} 40. Re3 {[%emt 0:00:00]} Rxe3 {[%emt 0:00:00]} 41. Kxe3 {[%emt 0:01:23]} Kf7 {[%emt 0:01:29]} 42. Kf4 {[%emt 0:00:51]} Ke6 {[%emt 0:00:30]} 43. h4 {[%emt 0:00:30]} Nd5+ {[%emt 0:00:27]} 44. Nxd5 {[%emt 0:00:07]} Kxd5 {[%emt 0:00:10]} 0-1

[Event "POL-chT 1 Liga 2019"]
[Site "Dzwirzyno"]
[Date "2019.09.09"]
[Round "3.28"]
[White "Sabuk, Piotr"]
[Black "Redlich, Bogdan"]
[Result "1-0"]
[WhiteElo "2397"]
[BlackElo "1600"]
[Annotator "TA"]
[PlyCount "53"]
[EventDate "2019.09.07"]
[EventType "team-tourn"]
[EventCountry "POL"]
[SourceTitle "playchess.com"]
[Source "ChessBase"]
[SourceQuality "1"]

{[%evp 21,53,40,53,43,132,67,64,48,100,119,289,289,287,292,291,289,277,274,638,589,1305,1279,1321,877,889,862,917,917,909,867,1282,1229,1668,1539]} 1. d4 Nf6 2. c4 g6 3. Nc3 Bg7 4. e4 d6 5. Nf3 O-O 6. h3 e5 7. d5 Na6 8. Bg5 h6 9. Be3 Nc5 10. Nd2 a5 11. g4 Nh7 12. h4 {E90: King's Indian: Classical: Early deviations and 6 h3} (12. Qc2 c6 13. O-O-O cxd5 14. cxd5 Bd7 15. Bxc5 dxc5 16. Bb5 a4 17. Nc4 Bxb5 18. Nxb5 Qd7 19. Nc3 Ra6 {0-1 (48) Andreikin,D (2683)-Mamedov,R (2660) Moscow 2010}) 12... f5 (12... a4 $14) 13. exf5 (13. gxf5 $16 gxf5 14. Bxc5 dxc5 15. Qe2) 13... gxf5 $14 {[#]} 14. g5 $1 {[%mdl 512] White is slightly better.} hxg5 ({Black should play} 14... e4 $14) 15. hxg5 $16 {aiming for Qh5.} Nxg5 $146 {[#]} (15... Qe8 $16) ({Predecessor:} 15... Qe8 16. Be2 e4 17. Bh5 Nd3+ 18. Kf1 Qe7 19. Bg6 Nxg5 20. Qh5 f4 21. Bh7+ Nxh7 22. Qxh7+ Kf7 23. Bd4 Ne5 24. Rg1 Qf6 25. Ndxe4 Qh6 26. Rxg7+ {1-0 (26) Klim,K (2069)-Tobolski,J (1954) Leba 2007}) 16. Qh5 $1 $18 f4 17. Bxc5 $1 dxc5 18. Nde4 Nxe4 19. Nxe4 {Black must now prevent Qh7+.} Bf5 $2 {[#]} (19... Rf6) 20. Bh3 $1 {[%cal Rh3f5] White is clearly winning.} Qc8 21. O-O-O Bxh3 22. Rxh3 {White threatens Qh7+ and mate.} Qf5 23. Qf3 Ra6 24. Rh5 Qg6 25. Rg5 Qh7 26. d6 cxd6 27. Rh1 {Accuracy: White = 77%, Black =  7%.} 1-0

[Event "POL-chT 1 Liga 2019"]
[Site "Dzwirzyno"]
[Date "2019.09.09"]
[Round "3.29"]
[White "Kelm, Robert"]
[Black "Kucza, Karol"]
[Result "0-1"]
[WhiteElo "1585"]
[BlackElo "2280"]
[Annotator "TA"]
[PlyCount "58"]
[EventDate "2019.09.07"]
[EventType "team-tourn"]
[EventCountry "POL"]
[SourceTitle "playchess.com"]
[Source "ChessBase"]
[SourceQuality "1"]

{[%evp 19,58,-24,-10,-41,-26,-140,-68,-83,-74,-122,-120,-214,-211,-275,-156,-156,-151,-153,-108,-105,-98,-125,-125,-117,-106,-135,-135,-535,-100,-128,-141,-138,-128,-149,-143,-150,-152,-161,-160,-358,-347]} 1. c4 e6 2. Nf3 d5 3. g3 Nf6 4. Bg2 Be7 5. O-O O-O 6. d4 dxc4 7. Qa4 a6 8. Qxc4 b5 9. Qc2 Bb7 10. Nbd2 Nbd7 11. Rd1 {E05: Open Catalan: 5 Nf3 Be7} (11. Nb3 Rc8 12. Be3 Be4 13. Qd1 c5 14. dxc5 Nxc5 15. Nxc5 Bxc5 16. Bxc5 Rxc5 17. Qxd8 Rxd8 18. Rfc1 Rdc8 19. Rxc5 Rxc5 20. Rd1 Kf8 21. Ne1 Bxg2 22. Kxg2 Ke7 {½-½ (22) Mamedov,R (2628)-Gagunashvili,M (2570) Tbilisi 2012}) 11... c5 12. a4 {[#]} (12. dxc5 $11 Bxc5 13. Nb3) 12... Rc8 $146 (12... cxd4 $1 $17 13. Nxd4 Rc8) ({Predecessor:} 12... Qb6 13. e3 Rac8 14. Qd3 Nd5 {0-1 (39) Mueller,A-Doeserich,J (2080) Germany 1999}) 13. axb5 $15 {Black is slightly better.} axb5 14. Qb1 Qb6 15. e4 (15. e3 $17 {was necessary.}) 15... cxd4 $19 16. Ne1 e5 (16... Ng4 $19 {White must now prevent ...Ne3!} 17. Nb3 f5 18. Nxd4 e5 19. Qa2+ Rf7 20. exf5 Bxg2 21. Kxg2 exd4) 17. Nb3 $17 h6 18. f3 Nc5 19. Nxc5 Bxc5 ({Don't play} 19... Rxc5 $6 20. Nd3 $11) 20. Qd3 Ra8 21. Bd2 Bd6 22. Bf1 Bc6 23. Qb3 $2 {[%mdl 8192]} (23. Nc2 $17 {is more resistant.}) 23... Nd7 $2 (23... d3+ $19 {has better winning chances.} 24. Kg2 {[#]} Nxe4 $1 {[%mdl 512]} 25. fxe4 Bxe4+ 26. Kh3 Bf5+ 27. Kg2 Qc6+ 28. Nf3 Be4) 24. Bb4 Nc5 25. Bxc5 Bxc5 26. Bd3 Bd6 27. Rdc1 Bd7 28. Rxa8 Rxa8 29. Bc4 $2 (29. Ng2 $17 {might work better.}) 29... d3+ $1 {Accuracy: White = 21%, Black = 44%.} 0-1